[Event "Arctic Chess Challenge"]
[Site "Tromso NOR"]
[Date "2010.08.06"]
[Round "7"]
[White "Turner,Ma"]
[Black "Rehn,R"]
[Result "1/2-1/2"]
[WhiteElo "2506"]
[BlackElo "2164"]
[EventDate "2010.07.31"]

1. c4 e5 2. g3 Nf6 3. Bg2 Nc6 4. Nc3 Be7 5. Nf3 d6 6. O-O O-O 7. d4 Nxd4 8.
Nxd4 exd4 9. Qxd4 Nd7 10. Nd5 Bf6 11. Nxf6+ Qxf6 12. Be3 Qxd4 13. Bxd4 Re8
14. Rfe1 Ne5 15. b3 Nc6 16. Bc3 Bg4 17. Kf1 Re7 18. h3 Bd7 19. Rad1 Rae8
20. Rd5 Nd8 21. Rg5 Ne6 22. Ra5 a6 23. b4 b5 24. cxb5 axb5 25. h4 c6 26. e3
Nd8 27. Rd1 d5 28. Bd4 Nb7 29. Ra7 Bf5 30. a4 bxa4 31. Rc1 Bd3+ 32. Ke1 Bb5
33. Bf1 f6 34. Bxb5 cxb5 35. Rc6 Kf7 36. Rb6 Nd8 37. Rxe7+ Rxe7 38. Rxb5
Rb7 39. Rxd5 Nc6 40. Bc3 Nxb4 41. Ra5 Nd3+ 42. Ke2 Nc1+ 43. Kf3 Rc7 44. Bd4
Rc4 45. Ke4 Rc2 46. f4 Ne2 47. g4 Nxd4 48. exd4 Ra2 49. f5 a3 50. Ra7+ Kf8
51. g5 fxg5 52. hxg5 Ra1 53. Ke5 a2 54. Kd5 g6 55. f6 Ke8 56. Kd6 Rd1 57.
Rxa2 Rxd4+ 58. Ke5 Rh4 59. Ra8+ Kf7 60. Ra7+ Kf8 61. Ra8+ 1/2-1/2

[Event "Arctic Chess Challenge"]
[Site "Tromso NOR"]
[Date "2010.08.06"]
[Round "7"]
[White "Khaetsky,R"]
[Black "Moiseenko,A1"]
[Result "1/2-1/2"]
[WhiteElo "2385"]
[BlackElo "2667"]
[EventDate "2010.07.31"]

1. e4 c5 2. Nf3 Nc6 3. c3 d5 4. exd5 Qxd5 5. d4 Nf6 6. Be3 cxd4 7. cxd4 e6
8. a3 Be7 9. Nc3 Qd6 10. Bd3 O-O 11. O-O b6 12. Qe2 Bb7 13. Rad1 Rad8 14.
Rfe1 Qb8 15. Bg5 Rfe8 16. Bb1 g6 17. Ba2 Nd5 18. Nxd5 exd5 19. Qd2 Qd6 20.
Bf4 Qd7 21. Ne5 Nxe5 22. Bxe5 f6 23. Bg3 Bf8 24. h4 Kf7 25. Qf4 Rc8 26. Bb1
h5 27. Rxe8 Qxe8 28. Rc1 Rxc1+ 29. Qxc1 Qc8 30. Qe3 Ba6 31. Kh2 Bb5 32. Qf3
Qd7 33. Qf4 Bc6 34. Qb8 Bg7 35. Ba2 b5 1/2-1/2

[Event "Arctic Chess Challenge"]
[Site "Tromso NOR"]
[Date "2010.08.06"]
[Round "7"]
[White "Bartel,Mat"]
[Black "Ferguson,M"]
[Result "1-0"]
[WhiteElo "2613"]
[BlackElo "2387"]
[EventDate "2010.07.31"]

1. e4 c6 2. d4 d5 3. Nc3 dxe4 4. Nxe4 Bf5 5. Ng3 Bg6 6. h4 h6 7. Bc4 e6 8.
N1e2 Nf6 9. Nf4 Bh7 10. Qe2 Bd6 11. Ngh5 O-O 12. Be3 Nbd7 13. O-O-O Bxf4
14. Bxf4 Nxh5 15. Qxh5 Nf6 16. Qe2 b5 17. Bd3 Qd5 18. Kb1 Bxd3 19. Qxd3
Rfd8 20. f3 c5 21. Qxb5 cxd4 22. Qxd5 Rxd5 23. Rhe1 Rad8 24. Bc7 R8d7 25.
Be5 Ne8 26. c4 dxc3 27. Rxd5 Rxd5 28. Bxc3 Nd6 29. a4 Nf5 30. Re4 Rd1+ 31.
Ka2 Ne7 32. Rg4 g6 33. Rb4 Rd8 34. Rb7 Nd5 35. Bd2 Nb6 36. Ba5 Rd7 37. Rb8+
Kg7 38. Bxb6 axb6 39. Rxb6 e5 40. a5 1-0

[Event "Arctic Chess Challenge"]
[Site "Tromso NOR"]
[Date "2010.08.06"]
[Round "7"]
[White "Azarov,S"]
[Black "Zdebskaja,N"]
[Result "1-0"]
[WhiteElo "2600"]
[BlackElo "2383"]
[EventDate "2010.07.31"]

1. e4 c5 2. Nf3 d6 3. d4 Nf6 4. Nc3 cxd4 5. Nxd4 a6 6. Bg5 e6 7. f4 Qc7 8.
Bxf6 gxf6 9. Qd2 Nc6 10. O-O-O Bd7 11. Kb1 Rg8 12. Nb3 O-O-O 13. g3 Rh8 14.
Qf2 Na5 15. f5 Be7 16. Nxa5 Qxa5 17. Bc4 Kb8 18. Bb3 Rc8 19. Qf3 Rc5 20.
Qh5 Rxc3 21. bxc3 Rf8 22. Qxh7 Qxc3 23. fxe6 Bb5 24. Qf5 fxe6 25. Qxe6 Re8
26. Qd5 f5 27. Qd4 1-0

[Event "Arctic Chess Challenge"]
[Site "Tromso NOR"]
[Date "2010.08.07"]
[Round "8"]
[White "Leon Hoyos,M"]
[Black "Socko,B"]
[Result "1-0"]
[WhiteElo "2556"]
[BlackElo "2646"]
[EventDate "2010.07.31"]

1. c4 Nf6 2. g3 e6 3. Bg2 d5 4. Nf3 dxc4 5. Qa4+ c6 6. Qxc4 b5 7. Qc2 Bb7
8. d4 Nbd7 9. Ne5 Rc8 10. O-O Qb6 11. Be3 c5 12. Nxd7 Nxd7 13. Bxb7 Qxb7
14. Rc1 c4 15. a4 a6 16. axb5 axb5 17. Nc3 b4 18. Qe4 Qxe4 19. Nxe4 Nb6 20.
Nc5 c3 21. bxc3 bxc3 22. Rxc3 Nd5 23. Rca3 Bxc5 24. dxc5 Nxe3 25. Rxe3 O-O
26. Ra5 Ra8 27. Rea3 Rab8 28. f4 Rfc8 29. Kf2 g6 30. Ke3 Kg7 31. Rc3 Rc7
32. Ra6 Kf6 33. Kd3 Rb2 34. Rb6 Ra2 35. c6 Ke7 36. e4 Rxh2 37. e5 Rg2 38.
Kc4 Rd2 39. Kb5 Kd8 40. Rb8+ Rc8 41. Rxc8+ Kxc8 42. Ra3 Kb8 43. Kb6 Rb2+
44. Kc5 Rd2 45. Rb3+ Kc8 46. Rb7 1-0

[Event "Arctic Chess Challenge"]
[Site "Tromso NOR"]
[Date "2010.08.07"]
[Round "8"]
[White "Van Wely,L"]
[Black "Radulski,J"]
[Result "1-0"]
[WhiteElo "2677"]
[BlackElo "2574"]
[EventDate "2010.07.31"]

1. d4 d5 2. c4 e6 3. Nf3 Nf6 4. Nc3 Be7 5. Bg5 Nbd7 6. cxd5 Nxd5 7. Bxe7
Qxe7 8. e4 Nxc3 9. bxc3 O-O 10. Bd3 e5 11. O-O b6 12. Bb5 exd4 13. Bc6 Ba6
14. Re1 d3 15. Bxa8 Rxa8 16. Nd4 Nc5 17. Qd2 Re8 18. f3 Qd7 19. Nf5 Bc4 20.
h4 f6 21. g4 Be6 22. Nd4 Bf7 23. Kg2 Kh8 24. Rad1 Bc4 25. g5 fxg5 26. hxg5
Rf8 27. Kg3 Qe8 28. e5 Bd5 29. e6 Qe7 30. Qe3 Nxe6 31. Nxe6 Rxf3+ 32. Qxf3
Bxf3 33. Kxf3 Qd7 34. Re3 Qc6+ 35. Kf2 Qd6 36. Rdxd3 Qh2+ 37. Ke1 Kg8 38.
Rf3 Qh1+ 39. Kd2 Qg2+ 40. Kc1 h6 41. Rd8+ 1-0

[Event "Arctic Chess Challenge"]
[Site "Tromso NOR"]
[Date "2010.08.07"]
[Round "8"]
[White "Sandipan,C"]
[Black "Collins,S IRL"]
[Result "1-0"]
[WhiteElo "2637"]
[BlackElo "2408"]
[EventDate "2010.07.31"]

1. d4 d5 2. c4 e6 3. Nc3 Be7 4. cxd5 exd5 5. Bf4 c6 6. e3 Bd6 7. Bxd6 Qxd6
8. Bd3 Ne7 9. Qc2 b6 10. Nge2 Ba6 11. O-O Bxd3 12. Qxd3 O-O 13. f3 Nd7 14.
e4 dxe4 15. fxe4 c5 16. Nb5 Qh6 17. d5 a6 18. Nc7 Ra7 19. d6 Ne5 20. Qd1
Nc8 21. d7 Nd6 22. Qd5 Ng4 23. h3 Ne3 24. Qc6 Nxf1 25. Rxf1 Nb5 26. Qxh6
gxh6 27. Ne8 Ra8 28. a4 Na7 29. Nf6+ Kh8 30. Rd1 Nc6 31. Rd6 Ne5 32. Rd5
Nc6 33. Rd6 Ne5 34. Ng3 Rfd8 35. Nf5 Nc4 36. Rd3 Nxb2 37. Rg3 Nc4 38. Rg7
1-0

[Event "Arctic Chess Challenge"]
[Site "Tromso NOR"]
[Date "2010.08.07"]
[Round "8"]
[White "Klip,H"]
[Black "Berg,E"]
[Result "1/2-1/2"]
[WhiteElo "2366"]
[BlackElo "2612"]
[EventDate "2010.07.31"]

1. e4 c5 2. Nf3 e6 3. Nc3 a6 4. d4 cxd4 5. Nxd4 Qc7 6. Bd3 Nf6 7. O-O d6 8.
Qe2 Nbd7 9. Bd2 g6 10. Kh1 Bg7 11. f4 O-O 12. Rae1 Nc5 13. Nb3 Nxd3 14.
cxd3 b6 15. e5 dxe5 16. fxe5 Nd5 17. Nxd5 exd5 18. Bb4 Re8 19. Bd6 Qd8 20.
Qf2 Be6 21. Rc1 Rc8 22. Rxc8 Qxc8 23. Qxb6 Qc2 24. Qf2 Qxd3 25. Nc5 Qf5 26.
Qe2 Qg4 27. Qxa6 Qc4 28. Qxc4 dxc4 29. h3 Bd5 30. Nd7 Bc6 31. Nf6+ Bxf6 32.
Rxf6 Bd5 33. Rf2 Ra8 34. a3 Ra5 35. Rd2 g5 36. Bc7 Rc5 37. Bd6 Ra5 38. Bb4
Rb5 39. Bc3 Be6 40. Rd8+ Kg7 41. a4 Rd5 42. Rxd5 Bxd5 43. e6+ f6 44. e7 Kf7
45. Bxf6 g4 46. e8=Q+ Kxe8 47. hxg4 Kd7 48. Bc3 1/2-1/2

[Event "Arctic Chess Challenge"]
[Site "Tromso NOR"]
[Date "2010.08.07"]
[Round "8"]
[White "Elsness,F"]
[Black "Khenkin,I"]
[Result "1/2-1/2"]
[WhiteElo "2485"]
[BlackElo "2632"]
[EventDate "2010.07.31"]

1. d4 d5 2. c4 e6 3. Nf3 c6 4. e3 Nf6 5. b3 Nbd7 6. Bb2 Ne4 7. Bd3 f5 8.
O-O Bd6 9. Ne5 Nxe5 10. dxe5 Bc5 11. Qh5+ g6 12. Qe2 O-O 13. Ba3 Qe7 14.
Qb2 a5 15. Bxc5 Nxc5 16. Be2 b6 17. Nd2 Ne4 18. Nxe4 fxe4 19. f3 exf3 20.
Rxf3 Rxf3 21. Bxf3 Bb7 22. Qd4 c5 23. Qg4 a4 1/2-1/2

[Event "Arctic Chess Challenge"]
[Site "Tromso NOR"]
[Date "2010.08.07"]
[Round "8"]
[White "Drozdovskij,Y"]
[Black "Babujian,L"]
[Result "1-0"]
[WhiteElo "2624"]
[BlackElo "2485"]
[EventDate "2010.07.31"]

1. d4 d5 2. c4 Nc6 3. Nc3 dxc4 4. Nf3 Nf6 5. Bg5 Bg4 6. d5 Bxf3 7. exf3 Ne5
8. Qd4 Nd3+ 9. Bxd3 cxd3 10. O-O-O h6 11. Bxf6 gxf6 12. Rxd3 Bg7 13. Re1
O-O 14. f4 Qd7 15. Qe4 Rfe8 16. f5 Kh7 17. Qg4 Rg8 18. Rg3 Bh8 19. Qh5 Rxg3
20. hxg3 Kg8 21. Qf3 Bg7 22. g4 a5 23. Kb1 Bf8 24. Rd1 Rd8 25. Qe2 Qd6 26.
a3 Qe5 27. Qc4 Qh2 28. Ka2 Qxg2 29. Qxc7 Rd6 30. Nb5 Qf3 31. Rd4 Rxd5 32.
Qxb7 Rxf5 33. Qb8 Rd5 34. Qa8 e6 35. Nc3 Qxf2 36. Rc4 Rd2 37. Rc8 Kg7 38.
Rxf8 Rxb2+ 39. Ka1 Ra2+ 40. Nxa2 Qd4+ 41. Kb1 Qd3+ 42. Kb2 Qd2+ 43. Kb3
Qd1+ 44. Kc4 Qe2+ 45. Kc5 Qe3+ 46. Kb5 Qd3+ 47. Ka4 Qc2+ 48. Kxa5 Qc5+ 49.
Ka4 Qc2+ 50. Kb5 Qd3+ 51. Kc6 Qd5+ 52. Kc7 Qc5+ 53. Kd7 Qb5+ 54. Qc6 Qb3
55. Ra8 1-0

[Event "Arctic Chess Challenge"]
[Site "Tromso NOR"]
[Date "2010.08.07"]
[Round "8"]
[White "Caspi,I"]
[Black "Azarov,S"]
[Result "0-1"]
[WhiteElo "2454"]
[BlackElo "2600"]
[EventDate "2010.07.31"]

1. e4 e5 2. Nf3 Nc6 3. Bb5 a6 4. Ba4 Nf6 5. O-O Be7 6. Re1 b5 7. Bb3 d6 8.
c3 O-O 9. h3 h6 10. d4 Re8 11. Nbd2 Bf8 12. Nf1 Bd7 13. Ng3 Na5 14. Bc2 c5
15. b3 Nc6 16. d5 Ne7 17. Be3 Ng6 18. Qd2 Nh7 19. a4 Be7 20. Nf5 Bxf5 21.
exf5 Nh4 22. Nxh4 Bxh4 23. axb5 axb5 24. Bd3 Rxa1 25. Rxa1 Qd7 26. Qe2 c4
27. bxc4 bxc4 28. Bc2 Qc8 29. Ba4 Rf8 30. Qg4 Bg5 31. Bxg5 hxg5 32. Bc6 Qb8
33. Qxc4 Qb2 34. Rf1 Rb8 35. Ba4 Nf6 36. Qc7 Ra8 37. Bd1 Ne4 38. Bh5 Rf8
39. c4 Qd4 40. Qc6 Nf6 41. Bd1 Rd8 42. Qc7 Rd7 43. Qb8+ Kh7 44. Qb3 Ra7 45.
Bc2 Ra1 46. Bb1 Qc5 47. Qb2 Ra3 48. Qe2 Rc3 49. Bd3 Qd4 50. Rd1 e4 51. Bb1
Qxc4 52. Qxc4 Rxc4 53. Kf1 g4 54. h4 g6 55. fxg6+ Kxg6 56. Ke2 Kf5 57. g3
Ke5 58. Rd2 Rb4 59. Ba2 Nh5 60. Ke3 Ra4 61. Rb2 f5 62. Bb3 Rb4 63. Kd2 f4
64. gxf4+ Nxf4 65. Kc3 Nxd5+ 66. Kc2 Rb8 67. Rb1 Rf8 68. Bxd5 Kxd5 69. Rf1
Ke5 70. Kd2 g3 0-1

[Event "Arctic Chess Challenge"]
[Site "Tromso NOR"]
[Date "2010.08.07"]
[Round "8"]
[White "Gyimesi,Z"]
[Black "Socko,M"]
[Result "1/2-1/2"]
[WhiteElo "2598"]
[BlackElo "2477"]
[EventDate "2010.07.31"]

1. d4 Nf6 2. c4 g6 3. g3 Bg7 4. Bg2 d6 5. Nc3 O-O 6. Nf3 Nc6 7. O-O Bg4 8.
d5 Na5 9. Nd2 c5 10. Qc2 a6 11. b3 Rb8 12. Bb2 b5 13. h3 Bd7 14. Rab1 Qc7
15. e4 e5 16. Ne2 bxc4 17. bxc4 Rb4 18. a3 Ba4 19. Qd3 Rb7 20. Bc3 Rfb8 21.
Rxb7 Rxb7 22. f4 Nd7 23. Rb1 Rxb1+ 24. Qxb1 Nb7 25. Bf1 1/2-1/2

[Event "Arctic Chess Challenge"]
[Site "Tromso NOR"]
[Date "2010.08.07"]
[Round "8"]
[White "Ernst,T"]
[Black "Petrov,Marij"]
[Result "0-1"]
[WhiteElo "2430"]
[BlackElo "2535"]
[EventDate "2010.07.31"]

1. e4 g6 2. d4 Bg7 3. c4 c5 4. Nf3 Qb6 5. dxc5 Qxc5 6. Be2 d6 7. a3 Bg4 8.
O-O Bxf3 9. Bxf3 Nc6 10. Be2 Rc8 11. Nd2 Nf6 12. Rb1 Qd4 13. Qc2 O-O 14. b3
a5 15. Bb2 Qc5 16. Rfc1 Rc7 17. Qd3 Rfc8 18. Rd1 Nd7 19. b4 axb4 20. Bxg7
Kxg7 21. axb4 Qd4 22. Qxd4+ Nxd4 23. Bf1 Nb6 24. Rdc1 Na4 25. Nb3 Nc6 26.
Ra1 Nb6 27. c5 dxc5 28. bxc5 Nd7 29. Bb5 Nce5 30. Rcb1 Nxc5 31. Nxc5 Rxc5
32. Bf1 Rb8 33. Ra7 b5 34. Rxe7 b4 35. f4 Ng4 36. Rd7 b3 37. Be2 Nf6 38.
Rd4 b2 39. Bc4 Rb4 40. e5 Ng4 41. e6 Rbxc4 42. Rd3 0-1

[Event "Arctic Chess Challenge"]
[Site "Tromso NOR"]
[Date "2010.08.07"]
[Round "8"]
[White "Tjiam,D"]
[Black "Turner,Ma"]
[Result "0-1"]
[WhiteElo "2385"]
[BlackElo "2506"]
[EventDate "2010.07.31"]

1. d4 d5 2. c4 c6 3. Nf3 Nf6 4. Qc2 g6 5. Bf4 Bf5 6. Qb3 Qb6 7. e3 Bxb1 8.
Qxb6 axb6 9. Rxb1 Nbd7 10. a3 e6 11. h3 Be7 12. Be2 O-O 13. Nd2 dxc4 14.
Bxc4 b5 15. Bb3 c5 16. dxc5 Nxc5 17. Bc2 Nd5 18. Ne4 Rfc8 19. Ke2 Na4 20.
Bb3 f5 21. Ng5 Nc5 22. Bxd5 exd5 23. Rhd1 Bxg5 24. Bxg5 Ne4 25. Bf4 Rc2+
26. Kd3 Rac8 27. Kd4 Kf7 28. Bg3 Ke6 29. Kd3 R8c4 30. h4 Nc5+ 0-1

[Event "Arctic Chess Challenge"]
[Site "Tromso NOR"]
[Date "2010.08.07"]
[Round "8"]
[White "Rehn,R"]
[Black "Bykhovsky,An ISR"]
[Result "0-1"]
[WhiteElo "2164"]
[BlackElo "2487"]
[EventDate "2010.07.31"]

1. d4 Nf6 2. Nf3 g6 3. Bf4 Bg7 4. e3 O-O 5. h3 d6 6. Be2 Nfd7 7. c3 e5 8.
Bh2 Nc6 9. O-O f5 10. Na3 g5 11. d5 Ncb8 12. Nd2 Nf6 13. f4 Nxd5 14. Bc4
Be6 15. Qb3 c6 16. fxe5 Nd7 17. exd6 b5 18. Bxd5 Bxd5 19. Qc2 Qb6 20. Nf3
Nf6 21. Nd4 b4 22. cxb4 f4 23. Qc5 Ne4 24. Qxb6 axb6 25. Nac2 fxe3 26.
Rxf8+ Rxf8 27. Re1 Nd2 28. Bg3 h5 29. d7 Rd8 30. Rxe3 Rxd7 31. Be5 Nc4 32.
Bxg7 Nxe3 33. Nxe3 Kxg7 34. a3 Be4 35. Kf2 Rxd4 0-1

[Event "Arctic Chess Challenge"]
[Site "Tromso NOR"]
[Date "2010.08.07"]
[Round "8"]
[White "Moiseenko,A1"]
[Black "Devereaux,M"]
[Result "1-0"]
[WhiteElo "2667"]
[BlackElo "2380"]
[EventDate "2010.07.31"]

1. d4 Nf6 2. c4 e6 3. g3 d5 4. Bg2 c6 5. Nf3 dxc4 6. Nc3 Nd5 7. a4 Bb4 8.
O-O O-O 9. Qc2 Nd7 10. Na2 Be7 11. Qxc4 a5 12. e4 N5f6 13. Re1 Qb6 14. Qc2
Rd8 15. h3 Qa7 16. Nc3 b6 17. d5 Nc5 18. dxc6 Qc7 19. Bg5 Ba6 20. Nb5 Bxb5
21. axb5 e5 22. Bf1 Ne6 23. Be3 Bc5 24. Bc4 Nd4 25. Bxd4 Bxd4 26. Rad1 h6
27. Nxd4 Rxd4 28. Rxd4 exd4 29. e5 Re8 30. Qf5 Re7 31. Bd3 Kf8 32. Bc4 Ne8
33. Re4 g6 34. Qf4 Kg7 35. h4 h5 36. Kg2 a4 37. Qd2 1-0

[Event "Arctic Chess Challenge"]
[Site "Tromso NOR"]
[Date "2010.08.07"]
[Round "8"]
[White "Ivanisevic,I"]
[Black "Ziska,H"]
[Result "1-0"]
[WhiteElo "2611"]
[BlackElo "2426"]
[EventDate "2010.07.31"]

1. d4 Nf6 2. c4 g6 3. Nc3 Bg7 4. e4 d6 5. Nf3 O-O 6. Be2 e5 7. O-O Na6 8.
Be3 Ng4 9. Bg5 Qe8 10. h3 h6 11. Bh4 exd4 12. Nd5 g5 13. hxg4 gxh4 14. Nxh4
c6 15. Nf4 Qxe4 16. g3 Qe7 17. Bd3 Bf6 18. Re1 Qd8 19. Nf5 Bxf5 20. Bxf5
Qa5 21. Nh5 Bh8 22. b4 Qxb4 23. g5 Rfe8 24. Nf6+ Bxf6 25. Rxe8+ Rxe8 26.
gxf6 d3 1-0

[Event "Arctic Chess Challenge"]
[Site "Tromso NOR"]
[Date "2010.08.08"]
[Round "9"]
[White "Sandipan,C"]
[Black "Leon Hoyos,M"]
[Result "1/2-1/2"]
[WhiteElo "2637"]
[BlackElo "2556"]
[EventDate "2010.07.31"]

1. d4 Nf6 2. c4 g6 3. f3 Bg7 4. e4 d6 5. Nc3 O-O 6. Nge2 c5 7. d5 e6 8. Ng3
exd5 9. cxd5 h5 10. Bg5 Qb6 11. Qd2 Nh7 12. Bh4 Nd7 13. Be2 Re8 14. O-O Bf6
15. Bxf6 Nhxf6 16. Nh1 a6 17. Nf2 Rb8 18. f4 c4 19. Kh1 Qc5 20. Rad1 b5 21.
e5 dxe5 22. Nfe4 Qb6 23. f5 Kg7 24. d6 Bb7 25. Nxf6 Nxf6 26. Qg5 Nh7 27.
Qg3 Rbd8 28. Bxh5 Rxd6 29. Rxd6 Qxd6 30. Rd1 Qc6 31. fxg6 fxg6 32. Bxg6
Qxg2+ 33. Qxg2 Bxg2+ 34. Kxg2 Kxg6 35. Rd6+ Kf5 36. Rxa6 Rd8 37. Nxb5 Rd2+
38. Kg3 Ng5 39. Nc3 Rxb2 40. h4 Ne4+ 41. Nxe4 Kxe4 42. Rc6 Kd5 43. Rc8 Rxa2
44. h5 Ra1 45. Kg4 Rh1 46. Kg5 e4 47. Rd8+ Ke5 48. Re8+ Kd4 49. Rd8+ Ke3
50. Rc8 Kd3 51. Rd8+ Ke3 52. Rc8 Kd4 53. Rd8+ Kc5 54. Rc8+ Kb5 55. Rb8+ Ka4
56. Re8 Re1 57. h6 c3 58. h7 c2 59. Rc8 Rh1 60. Rxc2 Rxh7 61. Rc4+ 1/2-1/2

[Event "Arctic Chess Challenge"]
[Site "Tromso NOR"]
[Date "2010.08.08"]
[Round "9"]
[White "Socko,B"]
[Black "Drozdovskij,Y"]
[Result "1/2-1/2"]
[WhiteElo "2646"]
[BlackElo "2624"]
[EventDate "2010.07.31"]

1. e4 c6 2. d4 d5 3. e5 Bf5 4. Nf3 e6 5. Be2 Nd7 6. O-O Ne7 7. Nh4 c5 8. c3
Be4 9. Nd2 Nc6 10. Nxe4 dxe4 11. g3 Be7 12. Ng2 Qb6 13. dxc5 Nxc5 14. b4
Nd3 15. Bxd3 exd3 16. Qxd3 Nxe5 17. Qe4 Bf6 18. Be3 Qc6 19. Qxc6+ Nxc6 20.
Rac1 O-O 21. Nf4 Rfd8 22. b5 Ne5 23. c4 a6 24. a4 axb5 25. axb5 Rdc8 26. c5
Ra5 27. Rb1 Nc4 28. Rfc1 Nxe3 29. fxe3 Be7 30. c6 bxc6 31. Rxc6 Rb8 32. b6
Rc5 33. Rxc5 Bxc5 34. Kf2 Bxb6 35. Ke2 Kf8 36. Nd3 Bc7 37. Rxb8+ Bxb8 38.
Kf3 Ke7 39. e4 Kd6 40. g4 h6 41. h3 Kc6 42. Ke3 Ba7+ 43. Ke2 Bd4 44. Ne1
Kc5 45. Kd3 Bf2 46. Nf3 Bg3 47. Kc3 Bf4 48. Kb3 f5 49. exf5 exf5 50. Kc3
Kd5 51. Kd3 fxg4 52. hxg4 Bg5 53. Nd4 Ke5 54. Ne2 Bf4 55. Nd4 Bc1 56. Nf5
g6 57. Ne7 Kf6 58. Nxg6 Kxg6 59. Ke2 Kg5 60. Kf3 Kh4 61. Kg2 Bf4 62. Kh1
Kh3 63. Kg1 Kg3 64. Kh1 Kf3 65. Kg1 Kg3 66. Kh1 Kf2 67. g5 hxg5 1/2-1/2

[Event "Arctic Chess Challenge"]
[Site "Tromso NOR"]
[Date "2010.08.08"]
[Round "9"]
[White "Bartel,Mat"]
[Black "Petrov,Marij"]
[Result "0-1"]
[WhiteElo "2613"]
[BlackElo "2535"]
[EventDate "2010.07.31"]

1. Nf3 g6 2. e4 Bg7 3. d4 d6 4. Nc3 Nf6 5. Be3 O-O 6. Qd2 c6 7. Bh6 Qa5 8.
Bxg7 Kxg7 9. h3 e5 10. g4 Re8 11. d5 Qb4 12. O-O-O Nxe4 13. Nxe4 Qxe4 14.
Bg2 c5 15. Rhe1 Qa4 16. Kb1 Nd7 17. Qc3 Qb4 18. Qe3 c4 19. Nd2 c3 20. Qxc3
Qxc3 21. bxc3 Nc5 22. f4 Na4 23. Ne4 exf4 24. Nxd6 Nxc3+ 25. Ka1 Rd8 26.
Rd3 Rxd6 27. Rxc3 Bd7 28. Rc7 Rc8 29. Rxc8 Bxc8 30. c4 b6 31. Kb2 Rd8 32.
Kc3 Kf6 33. Kd4 Bd7 34. Bf3 h5 35. gxh5 Bxh3 36. Rh1 Bf5 37. h6 g5 38. h7
Rh8 39. Be4 g4 40. d6 g3 41. Rf1 Bxe4 42. Kxe4 Rxh7 43. Kxf4 g2 44. Re1 Rh1
45. d7 Rf1+ 0-1

[Event "Arctic Chess Challenge"]
[Site "Tromso NOR"]
[Date "2010.08.08"]
[Round "9"]
[White "Azarov,S"]
[Black "Bykhovsky,An ISR"]
[Result "1/2-1/2"]
[WhiteElo "2600"]
[BlackElo "2487"]
[EventDate "2010.07.31"]

1. e4 c5 2. Nf3 Nc6 3. d4 cxd4 4. Nxd4 Nf6 5. Nc3 e5 6. Ndb5 d6 7. Bg5 a6
8. Na3 b5 9. Nd5 Be7 10. Bxf6 Bxf6 11. c4 b4 12. Nc2 a5 13. Be2 O-O 14. O-O
Bg5 15. Qd3 Bb7 16. Rad1 Nb8 17. a3 bxa3 18. Nxa3 Na6 19. Nb5 Nc5 20. Qc2
Ra6 21. Bf3 Qb8 22. g3 Bd8 23. h4 Ne6 24. Be2 Bb6 1/2-1/2

[Event "Arctic Chess Challenge"]
[Site "Tromso NOR"]
[Date "2010.08.08"]
[Round "9"]
[White "Khenkin,I"]
[Black "Klip,H"]
[Result "1-0"]
[WhiteElo "2632"]
[BlackElo "2366"]
[EventDate "2010.07.31"]

1. d4 f5 2. g3 Nf6 3. Bg2 g6 4. Nd2 Bg7 5. c3 Nc6 6. Nh3 e6 7. Nf4 d6 8.
Qb3 Qe7 9. O-O e5 10. dxe5 dxe5 11. Nd5 Nxd5 12. Bxd5 Nd8 13. Bg2 Be6 14.
Qa4+ c6 15. b3 O-O 16. Ba3 c5 17. b4 e4 18. Rac1 b6 19. bxc5 bxc5 20. Nb3
Rc8 21. f3 exf3 22. Bxf3 Bh6 23. Rcd1 f4 24. Nxc5 Rxc5 25. Qd4 Nb7 26. Bxb7
Qxb7 27. Bxc5 Re8 28. gxf4 Bg7 29. Qd3 Qf7 30. Rf2 Bc4 31. Qd7 Qxd7 32.
Rxd7 1-0

[Event "Arctic Chess Challenge"]
[Site "Tromso NOR"]
[Date "2010.08.08"]
[Round "9"]
[White "Socko,M"]
[Black "Moiseenko,A1"]
[Result "0-1"]
[WhiteElo "2477"]
[BlackElo "2667"]
[EventDate "2010.07.31"]

1. d4 Nf6 2. c4 e6 3. Nc3 Bb4 4. e3 b6 5. Nge2 c5 6. a3 Ba5 7. Rb1 Na6 8.
Bd2 O-O 9. Ng3 Bb7 10. Bd3 Bxg2 11. Rg1 Bb7 12. d5 Ne8 13. Qh5 f5 14. e4
Qf6 15. Qe2 Qh4 16. exf5 exd5 17. cxd5 Nd6 18. f6 Rae8 19. Nge4 g6 20. Rg4
Qxh2 21. Kd1 c4 22. Bxc4 Bxc3 23. Bxc3 Rxe4 24. Qxe4 Nxe4 25. Rxe4 Rc8 26.
Kc2 Rxc4 27. Re8+ Kf7 28. Re7+ Kf8 29. Rbe1 Qxf2+ 30. Kb1 Qf5+ 31. Ka1 Rxc3
32. d6 Rc8 33. f7 Qxf7 0-1

[Event "Arctic Chess Challenge"]
[Site "Tromso NOR"]
[Date "2010.08.08"]
[Round "9"]
[White "Sarakauskas,G"]
[Black "Ivanisevic,I"]
[Result "0-1"]
[WhiteElo "2440"]
[BlackElo "2611"]
[EventDate "2010.07.31"]

1. d4 Nf6 2. c4 e6 3. Nf3 c5 4. e3 d5 5. Nc3 a6 6. a3 dxc4 7. Bxc4 b5 8.
Be2 Bb7 9. O-O Nbd7 10. dxc5 Bxc5 11. b4 Be7 12. Bb2 O-O 13. a4 bxa4 14.
Qxa4 Qb8 15. b5 Nc5 16. Qf4 Qxf4 17. exf4 axb5 18. Nxb5 Rab8 19. Nfd4 Be4
20. Ba3 Rfc8 21. Rfc1 Ra8 22. g3 h6 23. Bf1 g5 24. fxg5 hxg5 25. Bg2 Bf8
26. h3 Rcb8 27. Re1 e5 28. Nc7 Rxa3 29. Rxa3 exd4 30. Na6 Rb5 31. Nxc5 Bxc5
32. Ra6 Bxg2 33. Kxg2 Bb6 34. Ra8+ Kg7 35. Rb8 Rb2 36. Rb7 d3 37. Rd1 Ne4
38. Rxd3 Rxf2+ 39. Kh1 Nc5 0-1

[Event "Arctic Chess Challenge"]
[Site "Tromso NOR"]
[Date "2010.08.08"]
[Round "9"]
[White "Gyimesi,Z"]
[Black "Hansen,TR"]
[Result "1/2-1/2"]
[WhiteElo "2598"]
[BlackElo "2419"]
[EventDate "2010.07.31"]

1. d4 Nf6 2. c4 g6 3. Nc3 Bg7 4. e4 d6 5. Nf3 O-O 6. Be2 e5 7. O-O Nc6 8.
d5 Ne7 9. Ne1 Nd7 10. Nd3 f5 11. Bd2 fxe4 12. Nxe4 Nf5 13. Bc3 a5 14. b3 b6
15. Bf3 Nc5 16. g3 Bd7 17. Bg2 Nxe4 18. Bxe4 Qg5 19. Qe2 Rae8 20. Rae1 Nd4
21. Bxd4 exd4 22. h4 Qf6 23. Nf4 Kh8 24. Kg2 Bh6 25. Nh3 Re7 26. Qd3 Rfe8
27. f3 Be3 28. Nf2 Bf5 29. Re2 Qg7 30. Rfe1 Qf6 31. Rf1 Qg7 32. Rfe1 Qf6
1/2-1/2

[Event "Arctic Chess Challenge"]
[Site "Tromso NOR"]
[Date "2010.08.08"]
[Round "9"]
[White "Radulski,J"]
[Black "Jens,J"]
[Result "1-0"]
[WhiteElo "2574"]
[BlackElo "2386"]
[EventDate "2010.07.31"]

1. e4 e5 2. Nf3 Nc6 3. Bb5 Nf6 4. Nc3 Bd6 5. d3 a6 6. Ba4 h6 7. O-O O-O 8.
Ne2 Re8 9. c3 Bf8 10. Ng3 d5 11. exd5 Qxd5 12. Re1 Bg4 13. Bb3 Qd6 14. h3
Be6 15. Ba4 b5 16. Bc2 Rad8 17. Qe2 Nd7 18. b4 f5 19. Nh4 Ne7 20. f4 exf4
21. Bxf4 Qxf4 22. Qxe6+ Kh7 23. Ngxf5 Nxf5 24. Qxf5+ Qxf5 25. Nxf5 g6 26.
Nh4 Be7 27. Nf3 Nb6 28. d4 Bf6 29. Bb3 Kg7 30. Kf1 Nc8 31. Rxe8 Rxe8 32.
Re1 Rf8 33. Ke2 Nd6 34. Kd3 a5 35. bxa5 Ra8 36. Ne5 Rxa5 37. Nd7 Bh4 38.
Rf1 b4 39. cxb4 Rg5 40. g4 h5 41. Nc5 1-0

[Event "Arctic Chess Challenge"]
[Site "Tromso NOR"]
[Date "2010.08.08"]
[Round "9"]
[White "Wohl,A"]
[Black "Miezis,N"]
[Result "0-1"]
[WhiteElo "2375"]
[BlackElo "2518"]
[EventDate "2010.07.31"]

1. Nf3 c5 2. g3 Nc6 3. d4 cxd4 4. Nxd4 g6 5. Bg2 Bg7 6. Nxc6 bxc6 7. O-O h5
8. c4 h4 9. Qa4 hxg3 10. hxg3 Qc7 11. Nc3 Be5 12. Be3 Nh6 13. Rad1 Nf5 14.
Bc5 Kf8 15. e4 Nh4 16. f4 Nxg2 17. Kxg2 d6 18. Bb4 Bh3+ 19. Kf3 Bg7 20. Rg1
c5 21. Ba5 Qc8 22. g4 Rh4 23. f5 gxf5 24. gxf5 Bxf5 25. Rxg7 Bxe4+ 26. Nxe4
Qf5+ 27. Ke3 Rxe4+ 28. Kd2 Qf4+ 0-1